Statistics for Who wrote that HORROR book?

Click here to take the quiz!

General Stats

  • This quiz has been taken 27 times
  • The average score is 5 of 15

Answer Stats

book/seriesWRITER% Correct
The ShiningStephen King
95%
DraculaBram Stoker
86%
The Call of CthulhuH.P. Lovecraft
52%
The Silence of the LambsThomas Harris
52%
Strange Case of Dr Jekyll and Mr HydeRobert Louis Stevenson
48%
Something Wicked This Way ComesRay Bradbury
33%
Rosemary's BabyIra Levin
24%
I Am LegendRichard Matheson
24%
PsychoRobert Bloch
19%
The Turn of the ScrewHenry James
14%
Ring / リングKōji Suzuki
10%
Ghost story (1979)Peter Straub
10%
Let the Right One InJohn Ajvide Lindqvist
5%
CarmillaSheridan Le Fanu
5%
Battle Royale / バトル・ロワイアルKōshun Takami
0%

Score Distribution

Percentile by Number Answered

Percent of People with Each Score

Your Score History

You have not taken this quiz